banner-ar

حلوان مدينة القصور والسرايات : (Record no. 9656)

MARC details
000 -الفاتح
حقل البيانات ثابتة الطول 01038nam a2200265Ia 4500
008 - عناصر البيانات ثابتة الطول - معلومات عامة
حقل البيانات ثابتة الطول 140319s9999 xx 000 0 ara d
020 ## - الرقم الدولى المعيارى للكتب
الرقم الدولى المعيارى للكتاب 4376048977
040 ## - مصدر الفهرسة
وكالة الفهرسة الأصلية GCL /
وكالة النسخ GCL
082 04 - رقم تصنيف ديوى العشرى
رقم التصنيف ق
رقم المادة 728.82
-- ع ح
100 1# - المدخل الرئيسى - إسم شخصى
الإسم الشخصى عبدالمنصف سالم نجم
245 10 - بيان العنوان
العنوان حلوان مدينة القصور والسرايات :
بقية العنوان دراسة اثرية وثائقية لعمران المدينة واثارها الباقية والمندثرة /
بيان المسئوليه,etc عبدالمنصف سالم نجم
250 ## - بيان الطبعة
بيان الطبعة الاولى
260 ## - PUBLICATION, DISTRIBUTION, ETC. (IMPRINT)
تاريخ النشر أو التوزيع 2006
300 ## - الوصف المادى
التعداد 557 ص ؛
أبعاد الوعاء 24 سم
650 04 - المدخل الاضافى بالموضوع-مصطلح موضوعى
مصطلح موضوعي العمارة الاسلامية
650 04 - المدخل الاضافى بالموضوع-مصطلح موضوعى
مصطلح موضوعي القصور الاسلامية
650 04 - المدخل الاضافى بالموضوع-مصطلح موضوعى
مصطلح موضوعي المساجد - مصر
650 04 - المدخل الاضافى بالموضوع-مصطلح موضوعى
مصطلح موضوعي مصر - الاثار
650 04 - المدخل الاضافى بالموضوع-مصطلح موضوعى
مصطلح موضوعي مصر - المبانى التاريخية
650 04 - المدخل الاضافى بالموضوع-مصطلح موضوعى
مصطلح موضوعي حلوان - الاثار
650 04 - المدخل الاضافى بالموضوع-مصطلح موضوعى
مصطلح موضوعي حلوان - المساجد
650 04 - المدخل الاضافى بالموضوع-مصطلح موضوعى
مصطلح موضوعي حلوان - القصور الاسلامية
942 ## - عناصر المدخل الإضافي( كوها)
مصدر التصنيف او مخطط الترفيف Dewey Decimal Classification
Koha [default] item type كتاب
260 ## - PUBLICATION, DISTRIBUTION, ETC. (IMPRINT)
-- القاهرة :
-- مكتبة زهراء الشرق ،
Holdings
حالة التراجع حالة الفقد حالة تلف ليس للاعارة المكان المؤقت الموقع الحالى تاريخ الاكتساب اجمالي اﻻعارات رقم الطلب الباركود تاريخ اخر مشاهدة تاريخ تفعيل السعر نوع وعاء كوها
        مكتبة القاهرة الكبرى مكتبة القاهرة الكبرى 03/26/2014   ق\728.82\ع ح 20060 03/26/2014 03/26/2014 كتاب
        مكتبة القاهرة الكبرى مكتبة القاهرة الكبرى 03/26/2014   ق\728.82\ع ح 20061 03/26/2014 03/26/2014 كتاب

Powered By

EGPV